О несостоятельности (банкротстве): федеральный закон
| Sažetak: | Исключено из фонда НТБ ТПУ |
|---|---|
| Jezik: | ruski |
| Izdano: |
Москва, Омега-Л, 2006
|
| Serija: | Законы Российской Федерации |
| Format: | Knjiga |
| KOHA link: | https://koha.lib.tpu.ru/cgi-bin/koha/opac-detail.pl?biblionumber=104573 |
MARC
| LEADER | 00000nam0a2200000 4500 | ||
|---|---|---|---|
| 001 | 104573 | ||
| 005 | 20231031114051.0 | ||
| 010 | |a 5365004779 | ||
| 035 | |a (RuTPU)RU\TPU\book\112765 | ||
| 090 | |a 104573 | ||
| 100 | |a 20061103d2006 k y0rusy50 ca | ||
| 101 | 0 | |a rus | |
| 102 | |a RU | ||
| 105 | |a y n 000zy | ||
| 200 | 1 | |a О несостоятельности (банкротстве) |e федеральный закон | |
| 210 | |a Москва |c Омега-Л |d 2006 | ||
| 215 | |a 176 с. | ||
| 225 | 1 | |a Законы Российской Федерации | |
| 333 | |a Исключено из фонда НТБ ТПУ | ||
| 801 | 1 | |a RU |b 63413507 |c 20061103 |g PSBO | |
| 801 | 2 | |a RU |b 63413507 |c 20110401 |g PSBO | |
| 942 | |c BK | ||